000 03134cam a22004454i 4500
003 PE-LiUPU
005 20250731165440.0
008 160610s2011 pe a grm 000 0 spa d
035 _a(Sirsi) a157190
040 _aPE-LiUPU
_bspa
_cPE-LiUPU
_erda
099 _aTIS 2
_bL46 2011
100 1 _aLeón Altamirano, Dante Duval,
_eautor
245 1 _aImplementación del sistema Web micrófono libre, utilizando la metodología OPEN-UP, para la accesibilidad de grabación de audio /
_cDante Duval León Altamirano.
264 0 _c2011.
300 _a132 hojas :
_bilustraciones;
_c30 cm
336 _atext
_2rdacontent
337 _aunmediated
_2rdamedia
338 _avolume
_2rdacarrier
502 _aTesis
_b(Lic.) --
_cUniversidad Peruana Unión,
_d2011.
504 _aIncluye referencias
520 3 _aSin lugar a dudas, vemos que hace unos 20 años aproximadamente era casi imposible compartir información segura y rápida entre países, ahora con la tecnología de internet la mayoría tiene acceso, a una comunicación especializada y globalizada. Internet se ha convertido en un medio muy útil de trabajo, estudio y diversión, por tanto las necesidades cada día aumentan por los cibernautas y muchas de ellas no son satisfechas correctamente, es ahí donde las buenas ideas y herramientas tecnológicas encajan para una buena gestión de la información que viaja por este medio, donde millones de individuos acceden a la mayor fuente de información provocando un inmenso y continuo trasvase de conocimiento entre ellos, a su vez su avanzada actualización. Actualmente son escasos los sistemas web que ofrezcan grabaciones de voz de tiempo real acompañados de una administración de audios con información categorizada para un buen uso, donde los cibernautas tengan la facilidad de gestionar sus audios grabados y finalmente estos sean escuchados vía internet, por consiguiente estará disponible a nivel mundial. El objetivo de esta investigación es ofrecer un sistema con las grabaciones de audio en tiempo real y pre - editados para su almacenamiento en un servidor web, reduciendo tiempo y optimizando la gestión de los audios en sus distintas categorías: conferencias, clases, charlas, noticias, música, salud, tecnología, política, etc. Finalmente se obtendrá un sistema de información amigable y accesible desde cualquier punto de internet, siendo aceptado por todas las clases sociales, culturales y niveles profesionales, brindando calidad de servicio y seguridad de todos los audios almacenados en MICROFONO LIBRE (www.microfonolibre.com).
526 _aSEG44
526 _aSEG26
526 _aP151
526 _aP150
526 _aP149
526 _aP146
526 _aP145
526 _aP126
526 _aP125
526 _aP92
526 _aP75
526 _aP74
526 _aP27
526 _aP15
650 0 4 _aSistema de información
_xMicrófono libre.
596 _a1
942 _2ddc
_cTESIS
999 _aTIS 2 L46 2011
_wALPHANUM
_c9863
_iT01580
_lCCODEBUL3
_mBUL
_r1
_sY
_tTESIS
_u2016-6-10
_xPOSGRADO
_PP27
_o.STAFF. Tesis
_d9863
980 _81
_gALBERTO SANCHEZ Responsable de Automatización